Sahrawi Arab Democratic Republic Country Quiz - Statistics

General Stats
  • This quiz has been taken 46 times
    44 since last reset
  • The average score is 8 of 14
Answer Stats
Hint Answer % Correct
The territory the SADR is located on is claimed by this country Morocco
89%
Official Languages Arabic
85%
The Sahrawi Arab Democratic Republic (SADR) controls the easternmost 1/5 of this disputed territory Western Sahara
85%
Dominant religion Islam
81%
The SADR is a full member of this continental union, despite not being fully recognized by all of its members African Union
74%
The government administration is based in refugee camps located in the Tindouf province of this country Algeria
70%
Meaning of the Arabic word Ṣaḥrā' (صحراء) Desert
59%
The SADR is located in this subregion of North Africa that is also called Barbary Maghreb
59%
Capital (claimed) Laayoune
56%
Spanish
56%
The SADR is governed by this left-wing liberation movement Polisario Front
37%
Capital (de facto) Tifariti
26%
This film festival is the only one in the world that is held in a refugee camp Sahara International Film Festival
15%
Currency (not official) Sahrawi pesata
7%
No matching quizzes found
Score Distribution
Percent of People with Each Score
Percentile by Number Answered
Your Score History
You have not taken this quiz since the last reset